000
00237nam a2200109Ia 4500
999
_c
7757
_d
7757
020
_a
978-0321594532
100
_a
Roger LeRoy Miller
245
0
_a
Economics Today
260
_a
New York
_b
Prentice Hall
_c
1999
300
_a
791
942
_c
BK